| 000 | 00774nam a2200217Ii 4500 | ||
|---|---|---|---|
| 003 | JO-AjNU | ||
| 008 | 230605s9999||||xx |||||||||||||| ||und|| | ||
| 017 | _a2006/10/2870 | ||
| 040 |
_aJO-AjNU _bara _erda _cJO-AjNU |
||
| 041 | _aara | ||
| 050 | 1 | 4 | _aRJ499..Q256 2011 |
| 100 | 3 |
_aالقمش، مصطفى نوري، م.مشارك خليل عبد الرحمن المعايطة, _eauthor _942645 |
|
| 245 | 0 | 0 | _aالاضطرابات السلوكية والانفعالية |
| 250 | _aط3 | ||
| 264 | 3 | 1 | _aعمان:دار المسيرة ، 2011 |
| 300 | _a337ص | ||
| 336 |
_atext _btxt _2rdacontent |
||
| 337 |
_aunmediated _bn _2rdamedia |
||
| 338 |
_avolume _bnc _2rdacarrier |
||
| 650 | 4 |
_aالاضطربات الانفعالية -علم نفس الافراد _942646 |
|
| 999 |
_aA18276 _c21844 _d21844 |
||